Talent management : (Record no. 8719)
[ view plain ]
| 000 -LEADER | |
|---|---|
| fixed length control field | 01198cam a22003135a 4500 |
| 001 - CONTROL NUMBER | |
| control field | 15578681 |
| 003 - CONTROL NUMBER IDENTIFIER | |
| control field | CU66 |
| 005 - DATE AND TIME OF LATEST TRANSACTION | |
| control field | 20260216131727.0 |
| 008 - FIXED-LENGTH DATA ELEMENTS--GENERAL INFORMATION | |
| fixed length control field | 090108s2010 vaua b 001 0 eng |
| 010 ## - LIBRARY OF CONGRESS CONTROL NUMBER | |
| LC control number | 2009920427 |
| 020 ## - INTERNATIONAL STANDARD BOOK NUMBER | |
| International Standard Book Number | 9781562866778 |
| 020 ## - INTERNATIONAL STANDARD BOOK NUMBER | |
| International Standard Book Number | 156286677X |
| 040 ## - CATALOGING SOURCE | |
| Original cataloging agency | DLC |
| Transcribing agency | DLC |
| Modifying agency | DLC |
| 042 ## - AUTHENTICATION CODE | |
| Authentication code | pcc |
| 050 00 - LIBRARY OF CONGRESS CALL NUMBER | |
| Classification number | HF5549 |
| Item number | .T198 2010 |
| 245 00 - TITLE STATEMENT | |
| Title | Talent management : |
| Remainder of title | strategies for success from six leading companies / |
| Statement of responsibility, etc. | Larry Israelite, editor. |
| 260 ## - PUBLICATION, DISTRIBUTION, ETC. | |
| Place of publication, distribution, etc. | [Alexandria, VA] : |
| Name of publisher, distributor, etc. | ASTD Press, |
| Date of publication, distribution, etc. | 2010. |
| 300 ## - PHYSICAL DESCRIPTION | |
| Extent | ix, 260 p. : |
| Other physical details | ill. ; |
| Dimensions | 24 cm. |
| 504 ## - BIBLIOGRAPHY, ETC. NOTE | |
| Bibliography, etc. note | Includes bibliographical references (p. 251-253) and index. |
| 650 #0 - SUBJECT ADDED ENTRY--TOPICAL TERM | |
| Topical term or geographic name entry element | Personnel management |
| Form subdivision | Case studies. |
| 650 #0 - SUBJECT ADDED ENTRY--TOPICAL TERM | |
| Topical term or geographic name entry element | Human capital |
| General subdivision | Management |
| Form subdivision | Case studies. |
| 650 #0 - SUBJECT ADDED ENTRY--TOPICAL TERM | |
| Topical term or geographic name entry element | Success in business |
| Form subdivision | Case studies. |
| 700 1# - ADDED ENTRY--PERSONAL NAME | |
| Personal name | Israelite, Larry. |
| 856 41 - ELECTRONIC LOCATION AND ACCESS | |
| Materials specified | Table of contents only |
| Uniform Resource Identifier | <a href="http://www.loc.gov/catdir/toc/fy11pdf04/2009920427.html">http://www.loc.gov/catdir/toc/fy11pdf04/2009920427.html</a> |
| 856 42 - ELECTRONIC LOCATION AND ACCESS | |
| Materials specified | Contributor biographical information |
| Uniform Resource Identifier | <a href="https://www.loc.gov/catdir/enhancements/fy1616/2009920427-b.html">https://www.loc.gov/catdir/enhancements/fy1616/2009920427-b.html</a> |
| 906 ## - LOCAL DATA ELEMENT F, LDF (RLIN) | |
| a | 7 |
| b | cbc |
| c | orignew |
| d | 2 |
| e | epcn |
| f | 20 |
| g | y-gencatlg |
| 942 ## - ADDED ENTRY ELEMENTS (KOHA) | |
| Source of classification or shelving scheme | Library of Congress Classification |
| Koha item type | Books |
| Suppress in OPAC | No |
| Withdrawn status | Lost status | Source of classification or shelving scheme | Damaged status | Not for loan | Home library | Current library | Date acquired | Total checkouts | Full call number | Barcode | Date last seen | Price effective from | Koha item type |
|---|---|---|---|---|---|---|---|---|---|---|---|---|---|
| Library of Congress Classification | Graduate Library (Christ Temple) | Graduate Library (Christ Temple) | 02/16/2026 | HF 5549.T198 TAL | gsct00002499 | 02/16/2026 | 02/16/2026 | Books | |||||
| Library of Congress Classification | Graduate Library (Christ Temple) | Graduate Library (Christ Temple) | 02/16/2026 | HF 5549.T198 TAL | gsct00002500 | 02/16/2026 | 02/16/2026 | Books |